Disney Animated Movies (2000-2021) - Statistics

General Stats
  • This quiz has been taken 260 times
    235 since last reset
  • The average score is 13 of 22
Answer Stats
Release Movie % Correct
2013 Frozen
85%
2010 Tangled
83%
2016 Moana
77%
2019 Frozen 2
75%
2009 The Princess and The Frog
70%
2021 Encanto
63%
2012 Wreck-it Ralph
62%
2016 Zootopia
60%
2002 Lilo & Stitch
58%
2000 The Emperor's New Groove
55%
2014 Big Hero 6
54%
2001 Atlantis: The Lost Empire
53%
2008 Bolt
53%
2005 Chicken Little
53%
2018 Ralph Breaks the Internet
53%
2021 Raya and the Last Dragon
53%
2000 Dinosaur
50%
2004 Home on the Range
50%
2007 Meet the Robinsons
50%
2002 Treasure Planet
49%
2003 Brother Bear
47%
2011 Winnie-the-Pooh
43%
No matching quizzes found
Score Distribution
Percent of People with Each Score
Percentile by Number Answered
Your Score History
You have not taken this quiz since the last reset